banner koha

A nova revolução verde a serviço do homem (Registro n. 339551)

MARC details
000 -LÍDER
fixed length control field 00782nab a2200229 4500
003 - CÓDIGO MARC DA AGÊNCIA CATALOGADORA
Campo de controle BR-BrBNA
005 - DATA E HORA DA ÚLTIMA ATUALIZAÇÃO
Campo de controle 20251222233236.0
008 - CAMPO DE TAMANHO FIXO
fixed length control field 251222b bl.||||| |||| 00| 0 por d
040 ## - FONTE DA CATALOGAÇÃO
Agência catalogadora BR-BrBNA
Idioma da catalogação por
072 ## - CATEGORIA AGRIS
Código AGRIS F01 ; L01 ; S01 ; Q02 ; E16 ; P01
100 ## - ENTRADA PRINCIPAL - NOME PESSOAL
Nome pessoal Lammel, João
245 ## - TÍTULO PRINCIPAL
Título principal A nova revolução verde a serviço do homem
Subtítulo Artigo
500 ## - NOTA GERAL
Nota geral 2 illus.
942 ## - ADDED ENTRY ELEMENTS (KOHA)
Koha item type Analítica
650 ## - ASSUNTO - THESAGRO
Cabeçalho tópico ou nome geográfico AGRONEGÓCIO
650 ## - ASSUNTO - THESAGRO
Cabeçalho tópico ou nome geográfico PRODUÇÃO DE ALIMENTO
650 ## - ASSUNTO - THESAGRO
Cabeçalho tópico ou nome geográfico PRODUTIVIDADE
650 ## - ASSUNTO - THESAGRO
Cabeçalho tópico ou nome geográfico CONSUMO ALIMENTAR
650 ## - ASSUNTO - THESAGRO
Cabeçalho tópico ou nome geográfico SUSTENTABILIDADE
773 0# - ENTRADA ANALÍTICA
Host Biblionumber 1706
Registro do item 348080
Imprenta São Paulo-SP Editora Três Ltda - E-mail: luizfsa@revistadinheiro.com.br 2004
Outro identificador 2025-0574
Título Dinheiro Rural (Brazil)
ISSN 1807-3700
Colação v. 9(102) p. 114; (Apr 2013)
Número de controle de registro BR2025005299

Nenhum exemplar disponível.

BINAGRI

Telefone: (61)3218-2567/2388/3357/2097 - binagri@agro.gov.br

Ministério da Agricultura e Pecuária , Esplanada dos Ministérios, Bloco D, Anexo B, Brasília/DF, CEP: 70.043-900